<?xml version="1.0" encoding="UTF-8"?><?xml-stylesheet type="text/xsl" href="static/style.xsl"?><OAI-PMH xmlns="http://www.openarchives.org/OAI/2.0/" xmlns:xsi="http://www.w3.org/2001/XMLSchema-instance" xsi:schemaLocation="http://www.openarchives.org/OAI/2.0/ http://www.openarchives.org/OAI/2.0/OAI-PMH.xsd"><responseDate>2026-04-14T06:14:16Z</responseDate><request verb="GetRecord" identifier="oai:www.recercat.cat:10459.1/468813" metadataPrefix="marc">https://recercat.cat/oai/request</request><GetRecord><record><header><identifier>oai:recercat.cat:10459.1/468813</identifier><datestamp>2025-10-20T18:48:58Z</datestamp><setSpec>com_2072_3622</setSpec><setSpec>col_2072_479130</setSpec></header><metadata><record xmlns="http://www.loc.gov/MARC21/slim" xmlns:dcterms="http://purl.org/dc/terms/" xmlns:xsi="http://www.w3.org/2001/XMLSchema-instance" xmlns:doc="http://www.lyncode.com/xoai" xsi:schemaLocation="http://www.loc.gov/MARC21/slim http://www.loc.gov/standards/marcxml/schema/MARC21slim.xsd">
   <leader>00925njm 22002777a 4500</leader>
   <datafield ind2=" " ind1=" " tag="042">
      <subfield code="a">dc</subfield>
   </datafield>
   <datafield ind2=" " ind1=" " tag="720">
      <subfield code="a">Romero Losada, Ana Belén</subfield>
      <subfield code="e">author</subfield>
   </datafield>
   <datafield ind2=" " ind1=" " tag="720">
      <subfield code="a">Arvanitidou, Christina</subfield>
      <subfield code="e">author</subfield>
   </datafield>
   <datafield ind2=" " ind1=" " tag="720">
      <subfield code="a">García Gómez, Maria Elena</subfield>
      <subfield code="e">author</subfield>
   </datafield>
   <datafield ind2=" " ind1=" " tag="720">
      <subfield code="a">Morales Pineda, María</subfield>
      <subfield code="e">author</subfield>
   </datafield>
   <datafield ind2=" " ind1=" " tag="720">
      <subfield code="a">Castro Pérez, María José</subfield>
      <subfield code="e">author</subfield>
   </datafield>
   <datafield ind2=" " ind1=" " tag="720">
      <subfield code="a">Chew, Yen Peng</subfield>
      <subfield code="e">author</subfield>
   </datafield>
   <datafield ind2=" " ind1=" " tag="720">
      <subfield code="a">van Ooijen, Gerben</subfield>
      <subfield code="e">author</subfield>
   </datafield>
   <datafield ind2=" " ind1=" " tag="720">
      <subfield code="a">Garcia Gonzalez, Mercedes</subfield>
      <subfield code="e">author</subfield>
   </datafield>
   <datafield ind2=" " ind1=" " tag="720">
      <subfield code="a">Romero Campero, Francisco J.</subfield>
      <subfield code="e">author</subfield>
   </datafield>
   <datafield ind2=" " ind1=" " tag="260">
      <subfield code="c">2025-02</subfield>
   </datafield>
   <datafield ind2=" " ind1=" " tag="520">
      <subfield code="a">Earth's tilted rotation and translation around the Sun produce pervasive rhythms on our planet, giving rise to photoperiodic changes in diel cycles. Although marine phytoplankton plays a key role in ecosystems, multiomics analysis of its responses to these periodic environmental signals remains largely unexplored. The marine picoalga Ostreococcus tauri was chosen as a model organism due to its cellular and genomic simplicity. Ostreococcus was subjected to different light regimes to investigate its responses to periodic environmental signals: long summer days, short winter days, constant light, and constant dark conditions. Although &lt;5% of the transcriptome maintained oscillations under both constant conditions, 80% presented diel rhythmicity. A drastic reduction in diel rhythmicity was observed at the proteome level, with 39% of the detected proteins oscillating. Photoperiod-specific rhythms were identified for key physiological processes such as the cell cycle, photosynthesis, carotenoid biosynthesis, starch accumulation, and nitrate assimilation. In this study, a photoperiodic plastic global orchestration among transcriptome, proteome, and physiological dynamics was characterized to identify photoperiod-specific temporal offsets between the timing of transcripts, proteins, and physiological responses.</subfield>
   </datafield>
   <datafield ind1="8" ind2=" " tag="024">
      <subfield code="a">http://hdl.handle.net/10459.1/468813</subfield>
   </datafield>
   <datafield ind2="0" ind1="0" tag="245">
      <subfield code="a">Multiomics integration unveils photoperiodic plasticity in the molecular rhythms of marine phytoplankton</subfield>
   </datafield>
</record></metadata></record></GetRecord></OAI-PMH>